书目信息 |
| 题名: |
旅行社经营管理
|
|
| 作者: | 马晓红 , 邓许红 主编 | |
| 分册: | ||
| 出版信息: | 北京 中国经济出版社 2014 |
|
| 页数: | 406页 | |
| 开本: | 24cm | |
| 丛书名: | ||
| 单 册: | ||
| 中图分类: | F590.654 | |
| 科图分类: | ||
| 主题词: | 旅行社 , 企业经营管理 , 旅行社--企业经营管理 | |
| 电子资源: | ||
| ISBN: | 978-7-5136-2919-5 | |
| 000 | 01088nam0 2200265 450 | |
| 001 | 139017 | |
| 005 | 20140903092855.43 | |
| 010 | @a978-7-5136-2919-5@dCNY 59.80 | |
| 100 | @a20140623d2014 em y0chiy50 ea | |
| 101 | 0 | @achi |
| 102 | @aCN@b110000 | |
| 105 | @ay z 000yy | |
| 200 | 1 | @a旅行社经营管理@Alv xing she jing ying guan li@b专著@e理论、方法与案例@f马晓红,邓许红主编 |
| 210 | @a北京@c中国经济出版社@d2014 | |
| 215 | @a406页@d24cm | |
| 300 | @a湖北省战略性新兴(支柱)产业人才培养计划项目 湖北省实习实训基地建设项目 湖北省属高校国家级“大学本科工程”大学生校外实践教育基地建设项目 | |
| 330 | @a本书共十章,内容包括:旅行社概述、旅行社的设立、旅行社产品的开发与创新、旅行社的营销管理、旅行社的计调业务、旅行社的接待业务、旅行社人力资源管理、旅行社的财务管理、旅行社信息化管理、旅行社的发展趋势与战略。 | |
| 606 | 0 | @a旅行社 |
| 606 | 0 | @a企业经营管理 |
| 606 | 0 | @a旅行社@x企业经营管理 |
| 690 | @aF590.654@v5 | |
| 701 | 0 | @a马晓红@Ama xiao hong@c(旅游管理)@4主编 |
| 701 | 0 | @a邓许红@Adeng xu hong@4主编 |
| 801 | 0 | @aCN@bZL@c20140903 |
| 905 | @a241430@dF590.654@eM191 | |
| 旅行社经营管理:理论、方法与案例/马晓红,邓许红主编.-北京:中国经济出版社,2014 |
| 406页;24cm |
| 湖北省战略性新兴(支柱)产业人才培养计划项目 湖北省实习实训基地建设项目 湖北省属高校国家级“大学本科工程”大学生校外实践教育基地建设项目 |
| ISBN 978-7-5136-2919-5:CNY 59.80 |
| 本书共十章,内容包括:旅行社概述、旅行社的设立、旅行社产品的开发与创新、旅行社的营销管理、旅行社的计调业务、旅行社的接待业务、旅行社人力资源管理、旅行社的财务管理、旅行社信息化管理、旅行社的发展趋势与战略。 |
| ● |
| 相关链接 |
|
|
|
正题名:旅行社经营管理
索取号:F590.654/M191
 
预约/预借
| 序号 | 登录号 | 条形码 | 馆藏地/架位号 | 状态 | 备注 |
| 1 | 0828383 | 208283837 | 社科库409/409社科库 39排3列5层/ [索取号:F590.654/M191] | 在馆 | |
| 2 | 0828384 | 208283846 | 社科库409/400B社科库 3排4列6层/ [索取号:F590.654/M191] | 在馆 | |
| 3 | 0828385 | 208283855 | 社科库409/400B社科库 3排4列6层/ [索取号:F590.654/M191] | 在馆 |